| 000 | 00454nam a2200145 a 4500 | ||
|---|---|---|---|
| 001 | 000032715 | ||
| 005 | 20200930065806.0 | ||
| 008 | 110725s1978 dr 000 0 spa d | ||
| 040 |
_aDO-SdBNP _bspa _cBNPHU |
||
| 100 | 1 |
_aLeón, Enrique de _92049 |
|
| 245 | 1 | 0 |
_aOpresión y democracia sindical : _bhistoria y documentos de la lucha en la CGT / _cEnrique de León. |
| 260 |
_aSanto Domingo : _bSEPESA, _c1978. |
||
| 300 |
_a390 p. ; _c19 cm. |
||
| 049 | _aBNPD | ||
| 999 |
_c32206 _d32206 |
||